[Event "NB2 Szechenyi csoport"]
[Site "Tapolca"]
[Date "2024.12.15"]
[Round "4.7"]
[White "Szunyogh, Istvan"]
[Black "Torok, Gergo"]
[Result "0-1"]
[WhiteElo "1817"]
[BlackElo "1435"]
[PlyCount "90"]
[GameId "2124063255540641"]
[EventDate "2024.11.03"]
[EventType "team-tourn"]
[EventRounds "11"]
[EventCountry "HUN"]
[Source "chess.hu"]
[WhiteTeam "Ezust Huszar SE"]
[BlackTeam "Tapolca VSE II."]
[WhiteTeamCountry "HUN"]
[BlackTeamCountry "HUN"]

1. c4 e6 2. Nc3 c5 3. Nf3 d5 4. cxd5 exd5 5. d4 Nf6 6. g3 Nc6 7. Bg2 Ne4 8. O-O Nxc3 9. bxc3 c4 10. Re1 Bf5 11. Ne5 Nxe5 12. dxe5 Bc5 13. Qxd5 Qxd5 14. Bxd5 Rb8 15. Rb1 Bxb1 16. Bxc4 Be4 17. Bf4 b5 18. e6 Rb7 19. exf7+ Rxf7 20. Bxb5+ Ke7 21. Rd1 h6 22. Bc4 Rf5 23. e3 Rd8 24. Rxd8 Kxd8 25. g4 Rf6 26. h4 Rg6 27. g5 Rb6 28. Bb3 h5 29. Kh2 a5 30. Kg3 Bd6 31. f3 Bxf4+ 32. Kxf4 Bg6 33. Bd5 Ke7 34. e4 Kd6 35. Kg3 Rb1 36. f4 Rg1+ 37. Kf3 Rg4 38. c4 Rxh4 39. f5 Be8 40. g6 Rh2 41. f6 Bxg6 42. fxg7 Bh7 43. g8=Q Bxg8 44. Bxg8 Rh1 45. Bf7 Rf1+ 0-1

[Event "NB2 Szechenyi csoport"]
[Site "Tapolca"]
[Date "2024.12.15"]
[Round "4.8"]
[White "Csitari, Adam Farkas"]
[Black "Lukacs, Imre"]
[Result "0-1"]
[WhiteElo "1617"]
[BlackElo "1800"]
[PlyCount "92"]
[GameId "2124063288775601"]
[EventDate "2024.11.03"]
[EventType "team-tourn"]
[EventRounds "11"]
[EventCountry "HUN"]
[Source "chess.hu"]
[WhiteTeam "Tapolca VSE II."]
[BlackTeam "Ezust Huszar SE"]
[WhiteTeamCountry "HUN"]
[BlackTeamCountry "HUN"]

1. e4 c5 2. Nf3 e6 3. d4 cxd4 4. Nxd4 Nc6 5. Nc3 Qc7 6. Nxc6 bxc6 7. Bd3 Nf6 8. Be3 d5 9. exd5 cxd5 10. O-O Bd7 11. Qe2 Bd6 12. Nb5 Bxb5 13. Bxb5+ Nd7 14. g3 O-O 15. Rac1 Ne5 16. Rfd1 Qa5 17. a3 a6 18. Bd3 Nxd3 19. Qxd3 Rfd8 20. Bd2 Qb6 21. Rb1 Rac8 22. b3 Bc5 23. Be3 Bxe3 24. fxe3 e5 25. c4 dxc4 26. Qc2 Qxe3+ 27. Kf1 Qf3+ 28. Kg1 Rxd1+ 29. Rxd1 Qxb3 30. Qd2 Qxa3 31. Qd8+ Rxd8 32. Rxd8+ Qf8 33. Rxf8+ Kxf8 34. Kf2 Ke7 35. Ke2 Kd6 36. Kd2 Kc5 37. Kc3 g5 38. h3 f5 39. Kd2 Kd4 40. g4 f4 41. Ke2 e4 42. Kd2 a5 43. h4 gxh4 44. g5 h3 45. g6 hxg6 46. Ke2 a4 0-1

[Event "NB2 Szechenyi csoport"]
[Site "Tapolca"]
[Date "2024.12.15"]
[Round "4.10"]
[White "Soos, Botond Mate"]
[Black "Meszaros, Ferenc"]
[Result "0-1"]
[WhiteElo "1511"]
[BlackElo "1692"]
[PlyCount "82"]
[GameId "2124063364563921"]
[EventDate "2024.11.03"]
[EventType "team-tourn"]
[EventRounds "11"]
[EventCountry "HUN"]
[Source "chess.hu"]
[WhiteTeam "Tapolca VSE II."]
[BlackTeam "Ezust Huszar SE"]
[WhiteTeamCountry "HUN"]
[BlackTeamCountry "HUN"]

1. e4 c5 2. d4 cxd4 3. c3 dxc3 4. Nxc3 Nc6 5. Nf3 d6 6. h3 Nf6 7. Bc4 a6 8. Qe2 e6 9. O-O Be7 10. Rd1 Qc7 11. Bf4 O-O 12. Rac1 b5 13. Bb3 Bb7 14. Bg3 Rfd8 15. e5 dxe5 16. Nxe5 Rxd1+ 17. Rxd1 Nxe5 18. Bxe5 Qc6 19. f3 Rd8 20. a3 Qc5+ 21. Kh1 Rxd1+ 22. Bxd1 Nd5 23. Nxd5 Qxd5 24. Bh2 Bf6 25. Qc2 Bxb2 26. Qxb2 Qxd1+ 27. Bg1 Qd5 28. Qc3 h6 29. Bd4 f6 30. Bc5 Kf7 31. Kh2 Qc4 32. Qe3 a5 33. Bb6 Qa4 34. Qc3 Qf4+ 35. Kh1 b4 36. axb4 axb4 37. Qb3 Bd5 38. Qb2 b3 39. Qf2 Qc1+ 40. Kh2 b2 41. Be3 Qc7+ 0-1

[Event "NB2 Szechenyi csoport"]
[Site "Zalaegerszeg"]
[Date "2024.12.15"]
[Round "4.2"]
[White "Horvath, Tamas"]
[Black "Pinterne, Kovacs Marta"]
[Result "1/2-1/2"]
[WhiteElo "2292"]
[BlackElo "2039"]
[PlyCount "20"]
[GameId "2123397603062277"]
[EventDate "2024.11.03"]
[EventType "team-tourn"]
[EventRounds "11"]
[EventCountry "HUN"]
[Source "chess.hu"]
[WhiteTeam "Z.Csuti-Hydrocomp SK"]
[BlackTeam "Spartacus Sportkor"]
[WhiteTeamCountry "HUN"]
[BlackTeamCountry "HUN"]

1. e4 e6 2. d4 g6 3. Nf3 Bg7 4. Be2 Ne7 5. O-O O-O 6. Nc3 d6 7. Be3 h6 8. Qd2 Kh7 9. h3 Nd7 10. Rad1 d5 1/2-1/2

[Event "NB2 Szechenyi csoport"]
[Site "Zalaegerszeg"]
[Date "2024.12.15"]
[Round "4.3"]
[White "Rezsek, Gyozo"]
[Black "Csiszar, Zoltan"]
[Result "1/2-1/2"]
[WhiteElo "2001"]
[BlackElo "2235"]
[PlyCount "23"]
[GameId "2123397658083865"]
[EventDate "2024.11.03"]
[EventType "team-tourn"]
[EventRounds "11"]
[EventCountry "HUN"]
[Source "chess.hu"]
[WhiteTeam "Spartacus Sportkor"]
[BlackTeam "Z.Csuti-Hydrocomp SK"]
[WhiteTeamCountry "HUN"]
[BlackTeamCountry "HUN"]

1. e4 c5 2. c3 d5 3. exd5 Qxd5 4. d4 e6 5. Na3 Nf6 6. Nf3 Nc6 7. Be3 cxd4 8. Nb5 Qd8 9. Nbxd4 Bd7 10. Nxc6 Bxc6 11. Qxd8+ Kxd8 12. Ne5 1/2-1/2

[Event "NB2 Szechenyi csoport"]
[Site "Zalaegerszeg"]
[Date "2024.12.15"]
[Round "4.4"]
[White "Schroter, Tamas"]
[Black "Nemeth, Zsolt"]
[Result "1-0"]
[WhiteElo "2220"]
[BlackElo "1994"]
[PlyCount "91"]
[GameId "2123397696791081"]
[EventDate "2024.11.03"]
[EventType "team-tourn"]
[EventRounds "11"]
[EventCountry "HUN"]
[Source "chess.hu"]
[WhiteTeam "Z.Csuti-Hydrocomp SK"]
[BlackTeam "Spartacus Sportkor"]
[WhiteTeamCountry "HUN"]
[BlackTeamCountry "HUN"]

1. d4 Nf6 2. c4 g6 3. Nc3 d5 4. Nf3 Bg7 5. Bg5 Ne4 6. cxd5 Nxg5 7. Nxg5 e6 8. Qd2 exd5 9. Qe3+ Kf8 10. Qf4 Bf6 11. h4 h6 12. Nf3 c6 13. O-O-O Be6 14. e3 Nd7 15. Bd3 Qb8 16. g3 Qxf4 17. gxf4 Nb6 18. Ne5 Nc4 19. h5 Bxe5 20. fxe5 Bg4 21. Be2 gxh5 22. b3 Nb6 23. f3 Bf5 24. Rxh5 Bg6 25. Rh4 Nc8 26. e4 Ne7 27. Bd3 Rd8 28. Ne2 c5 29. dxc5 Nc6 30. exd5 Rxd5 31. Bxg6 Rxd1+ 32. Kxd1 fxg6 33. Re4 Ke7 34. b4 a6 35. a4 Rd8+ 36. Kc2 Ke6 37. b5 axb5 38. axb5 Ne7 39. Kc3 g5 40. Kc4 Rd1 41. Nd4+ Kf7 42. Re2 h5 43. e6+ Kf6 44. c6 Rc1+ 45. Kb3 bxc6 46. b6 1-0

[Event "NB2 Szechenyi csoport"]
[Site "Zalaegerszeg"]
[Date "2024.12.15"]
[Round "4.5"]
[White "Rozsa, Peter"]
[Black "Horvath, Sandor"]
[Result "1/2-1/2"]
[WhiteElo "2060"]
[BlackElo "2195"]
[PlyCount "31"]
[GameId "2123397733417531"]
[EventDate "2024.11.03"]
[EventType "team-tourn"]
[EventRounds "11"]
[EventCountry "HUN"]
[Source "chess.hu"]
[WhiteTeam "Spartacus Sportkor"]
[BlackTeam "Z.Csuti-Hydrocomp SK"]
[WhiteTeamCountry "HUN"]
[BlackTeamCountry "HUN"]

1. b4 e6 2. b5 Nf6 3. Bb2 b6 4. Nf3 Bb7 5. e3 Be7 6. Be2 O-O 7. O-O c5 8. c4 d5 9. d4 Nbd7 10. cxd5 Nxd5 11. Nc3 Bf6 12. Ne4 Be7 13. dxc5 Nxc5 14. Qd4 Nf6 15. Nxc5 Bxc5 16. Qxd8 1/2-1/2

[Event "NB2 Szechenyi csoport"]
[Site "Zalaegerszeg"]
[Date "2024.12.15"]
[Round "4.6"]
[White "Farkas, Zsolt"]
[Black "Szakaly, Laszlo"]
[Result "1/2-1/2"]
[WhiteElo "2117"]
[BlackElo "1908"]
[PlyCount "47"]
[GameId "2123397770089035"]
[EventDate "2024.11.03"]
[EventType "team-tourn"]
[EventRounds "11"]
[EventCountry "HUN"]
[Source "chess.hu"]
[WhiteTeam "Z.Csuti-Hydrocomp SK"]
[BlackTeam "Spartacus Sportkor"]
[WhiteTeamCountry "HUN"]
[BlackTeamCountry "HUN"]

1. e4 c5 2. Nf3 e6 3. d4 cxd4 4. Nxd4 Nc6 5. Be3 Nf6 6. Bd3 d5 7. exd5 exd5 8. O-O Bd6 9. Nxc6 bxc6 10. Bg5 O-O 11. Re1 h6 12. Bh4 Rb8 13. b3 Be6 14. c3 c5 15. Nd2 Re8 16. c4 Be7 17. cxd5 Nxd5 18. Bxe7 Rxe7 19. Bc4 Rd7 20. Nf1 Qf6 21. Bxd5 Rxd5 22. Qe2 Rbd8 23. Rac1 Bf5 24. Ne3 1/2-1/2

[Event "NB2 Szechenyi csoport"]
[Site "Zalaegerszeg"]
[Date "2024.12.15"]
[Round "4.7"]
[White "Tamas, Gyorgy"]
[Black "Boronyak, Arpad"]
[Result "0-1"]
[WhiteElo "1916"]
[BlackElo "2033"]
[PlyCount "52"]
[GameId "2123397835342429"]
[EventDate "2024.11.03"]
[EventType "team-tourn"]
[EventRounds "11"]
[EventCountry "HUN"]
[Source "chess.hu"]
[WhiteTeam "Spartacus Sportkor"]
[BlackTeam "Z.Csuti-Hydrocomp SK"]
[WhiteTeamCountry "HUN"]
[BlackTeamCountry "HUN"]

1. d4 Nf6 2. c4 d6 3. Nc3 g6 4. e4 Bg7 5. Nf3 O-O 6. Be2 e5 7. dxe5 dxe5 8. Qxd8 Rxd8 9. Bg5 Re8 10. h3 c6 11. O-O Nbd7 12. Rfd1 Nc5 13. Nd2 Ne6 14. Be3 Nd4 15. Rac1 Be6 16. Bf1 Rad8 17. c5 Nd7 18. b4 b6 19. cxb6 axb6 20. Nc4 c5 21. Nd6 Rf8 22. bxc5 bxc5 23. Na4 Bxa2 24. Nb7 Bb3 25. Naxc5 Nxc5 26. Nxd8 Bxd1 0-1

[Event "NB2 Szechenyi csoport"]
[Site "Zalaegerszeg"]
[Date "2024.12.15"]
[Round "4.8"]
[White "Bardossi, Jeno"]
[Black "Suket, Ferenc"]
[Result "1-0"]
[WhiteElo "2060"]
[BlackElo "1873"]
[PlyCount "97"]
[GameId "2123397877420653"]
[EventDate "2024.11.03"]
[EventType "team-tourn"]
[EventRounds "11"]
[EventCountry "HUN"]
[Source "chess.hu"]
[WhiteTeam "Z.Csuti-Hydrocomp SK"]
[BlackTeam "Spartacus Sportkor"]
[WhiteTeamCountry "HUN"]
[BlackTeamCountry "HUN"]

1. e4 e5 2. Nc3 Bc5 3. Bc4 Nf6 4. d3 h6 5. Nf3 d6 6. Na4 Bb6 7. Nxb6 axb6 8. Bd2 Nc6 9. Bb5 Bd7 10. h3 Na5 11. Bxd7+ Qxd7 12. O-O g5 13. Nh2 c5 14. Re1 Nc6 15. c3 Qe6 16. a3 Kf8 17. Nf1 Kg7 18. Ng3 Ne7 19. Be3 Kg6 20. d4 h5 21. f3 h4 22. Nf1 Nh5 23. Nh2 c4 24. Qd2 Nf4 25. Ng4 b5 26. Bxf4 gxf4 27. Rad1 f6 28. dxe5 dxe5 29. Qd7 Kf7 30. Rd6 Qxd7 31. Rxd7 Rhd8 32. Red1 Rxd7 33. Rxd7 b4 34. cxb4 c3 35. bxc3 Rxa3 36. Rxb7 Rxc3 37. b5 Rc1+ 38. Kf2 Rc2+ 39. Kg1 Rc1+ 40. Kh2 Rb1 41. Rb6 Ng8 42. Rb8 Kg7 43. Rb7+ Kg6 44. Nf2 Rb3 45. Rb8 Kg7 46. b6 Kf7 47. b7 Kg7 48. Nd3 Ne7 49. Nc5 1-0

[Event "NB2 Szechenyi csoport"]
[Site "Zalaegerszeg"]
[Date "2024.12.15"]
[Round "4.9"]
[White "Wegner, Bela"]
[Black "Forgo, Eva"]
[Result "1/2-1/2"]
[WhiteElo "1887"]
[BlackElo "2025"]
[PlyCount "20"]
[GameId "2123397958419069"]
[EventDate "2024.11.03"]
[EventType "team-tourn"]
[EventRounds "11"]
[EventCountry "HUN"]
[Source "chess.hu"]
[WhiteTeam "Spartacus Sportkor"]
[BlackTeam "Z.Csuti-Hydrocomp SK"]
[WhiteTeamCountry "HUN"]
[BlackTeamCountry "HUN"]

1. Nf3 d5 2. d4 Nf6 3. Bf4 c6 4. Nc3 h6 5. e3 Bf5 6. Bd3 Bxd3 7. Qxd3 e6 8. e4 dxe4 9. Nxe4 Nxe4 10. Qxe4 Qd5 1/2-1/2

[Event "NB2 Szechenyi csoport"]
[Site "Zalaegerszeg"]
[Date "2024.12.15"]
[Round "4.10"]
[White "Borocz, Lorinc"]
[Black "Gyorfi, Norbert"]
[Result "1-0"]
[WhiteElo "1999"]
[BlackElo "1813"]
[PlyCount "79"]
[GameId "2123397997556367"]
[EventDate "2024.11.03"]
[EventType "team-tourn"]
[EventRounds "11"]
[EventCountry "HUN"]
[Source "chess.hu"]
[WhiteTeam "Z.Csuti-Hydrocomp SK"]
[BlackTeam "Spartacus Sportkor"]
[WhiteTeamCountry "HUN"]
[BlackTeamCountry "HUN"]

1. e4 c6 2. d4 d5 3. Nc3 dxe4 4. Nxe4 Nf6 5. Qd3 Nxe4 6. Qxe4 Qd5 7. Bd3 Qxe4+ 8. Bxe4 Nd7 9. Nf3 Nf6 10. Bd3 Bg4 11. Ne5 Bh5 12. c3 e6 13. O-O Be7 14. Bg5 Ng4 15. Bf4 Nxe5 16. Bxe5 O-O 17. Rfe1 Rfd8 18. a4 Bg6 19. Be2 Bd6 20. Bf3 Bd3 21. h3 Bc4 22. Bd1 Bxe5 23. Rxe5 Rd5 24. Re3 Rad8 25. b3 Ba6 26. Bf3 R5d6 27. Re5 Bd3 28. Rc1 f6 29. Re3 Bg6 30. Be2 b6 31. Bc4 Bf7 32. Rce1 Re8 33. f4 f5 34. Re5 Kf8 35. Kf2 a5 36. g4 g6 37. gxf5 gxf5 38. Rg1 Bg6 39. h4 Kf7 40. h5 1-0

[Event "NB2 Szechenyi csoport"]
[Site "Zalaegerszeg"]
[Date "2024.12.15"]
[Round "4.11"]
[White "Vajda, Lajos"]
[Black "Balogh, Marton"]
[Result "0-1"]
[WhiteElo "1811"]
[BlackElo "1981"]
[PlyCount "86"]
[GameId "2123398034518687"]
[EventDate "2024.11.03"]
[EventType "team-tourn"]
[EventRounds "11"]
[EventCountry "HUN"]
[Source "chess.hu"]
[WhiteTeam "Spartacus Sportkor"]
[BlackTeam "Z.Csuti-Hydrocomp SK"]
[WhiteTeamCountry "HUN"]
[BlackTeamCountry "HUN"]

1. c4 e6 2. Nc3 d5 3. cxd5 exd5 4. d4 Nf6 5. g3 c6 6. Bg2 Bg4 7. h3 Bf5 8. e3 Bd6 9. Nge2 O-O 10. O-O h5 11. f4 Re8 12. Kh2 Nbd7 13. Ng1 g6 14. Nf3 Ne4 15. Nh4 Nxc3 16. bxc3 Be4 17. Nf3 Nf6 18. Rf2 Qe7 19. Bf1 Ba3 20. c4 Bxf3 21. Rxf3 Ne4 22. c5 Bxc1 23. Rxc1 b6 24. Qc2 bxc5 25. dxc5 Rab8 26. Bd3 Qf6 27. Qd1 Rb2+ 28. Rc2 Nxc5 29. Qd2 Reb8 30. Rf2 Nxd3 31. Qxd3 Rxc2 32. Rxc2 Rb2 33. Kg2 c5 34. Rf2 Rxf2+ 35. Kxf2 Qb2+ 36. Qe2 Qxe2+ 37. Kxe2 f5 38. Kf3 c4 39. h4 Kf7 40. Ke2 Ke6 41. Kd2 Kd6 42. Kc3 Kc5 43. a3 Kb5 0-1

[Event "NB2 Szechenyi csoport"]
[Site "Sopron"]
[Date "2024.12.15"]
[Round "4.1"]
[White "Sarok, Peter"]
[Black "Varga, Peter"]
[Result "1/2-1/2"]
[WhiteElo "2027"]
[BlackElo "2358"]
[PlyCount "31"]
[GameId "2123723044870557"]
[EventDate "2024.11.03"]
[EventType "team-tourn"]
[EventRounds "11"]
[EventCountry "HUN"]
[Source "chess.hu"]
[WhiteTeam "SE Kisber-Aszar"]
[BlackTeam "Soproni MAFC"]
[WhiteTeamCountry "HUN"]
[BlackTeamCountry "HUN"]

1. Nf3 d5 2. g3 c6 3. Bg2 Nf6 4. O-O Bg4 5. c4 e6 6. d3 Nbd7 7. Nc3 Be7 8. Qb3 Qb6 9. Qc2 Bxf3 10. Bxf3 dxc4 11. dxc4 Ne5 12. Be3 Qa6 13. b3 Nxf3+ 14. exf3 O-O 15. Rfd1 Rfd8 16. Bd4 1/2-1/2

[Event "NB2 Szechenyi csoport"]
[Site "Sopron"]
[Date "2024.12.15"]
[Round "4.2"]
[White "Ruboczki, Tibor"]
[Black "Horvath, Jozsef M"]
[Result "0-1"]
[WhiteElo "2049"]
[BlackElo "1970"]
[PlyCount "94"]
[GameId "2123723107719603"]
[EventDate "2024.11.03"]
[EventType "team-tourn"]
[EventRounds "11"]
[EventCountry "HUN"]
[Source "chess.hu"]
[WhiteTeam "Soproni MAFC"]
[BlackTeam "SE Kisber-Aszar"]
[WhiteTeamCountry "HUN"]
[BlackTeamCountry "HUN"]

1. d4 Nf6 2. c4 e6 3. g3 d5 4. Nf3 Nbd7 5. Bg2 c6 6. O-O Be7 7. b3 O-O 8. Bb2 Ne4 9. Nc3 f5 10. Nd2 Ndf6 11. Ndxe4 Nxe4 12. Nxe4 fxe4 13. f3 exf3 14. Bxf3 Bf6 15. Qc2 b6 16. cxd5 cxd5 17. Qd3 a5 18. Rac1 Ba6 19. Qe3 Re8 20. Rc6 Bg5 21. Qe5 Bf6 22. Qf4 Rc8 23. Rfc1 Bg5 24. Rxc8 Bxc8 25. Qc7 Bxc1 26. Qxc1 Bd7 27. Ba3 Qf6 28. Qe3 Rc8 29. Bd6 Qf5 30. Be5 h6 31. Kg2 b5 32. g4 Qg6 33. h4 h5 34. Kh3 hxg4+ 35. Bxg4 b4 36. h5 Qf7 37. Kg2 Rf8 38. Bf3 Qf5 39. Qd2 Rc8 40. Qe1 Qg5+ 41. Kh2 Rc1 42. Qf2 Rc2 43. Qe1 Be8 44. Qg3 Qxg3+ 45. Kxg3 Rxa2 46. Bg4 Bd7 47. Bd6 Rb2 0-1

[Event "NB2 Szechenyi csoport"]
[Site "Sopron"]
[Date "2024.12.15"]
[Round "4.3"]
[White "Brayer, Janos"]
[Black "Grimsholm, Ola"]
[Result "1/2-1/2"]
[WhiteElo "1935"]
[BlackElo "2041"]
[PlyCount "53"]
[GameId "2123723162679747"]
[EventDate "2024.11.03"]
[EventType "team-tourn"]
[EventRounds "11"]
[EventCountry "HUN"]
[Source "chess.hu"]
[WhiteTeam "SE Kisber-Aszar"]
[BlackTeam "Soproni MAFC"]
[WhiteTeamCountry "HUN"]
[BlackTeamCountry "HUN"]

1. d4 Nf6 2. Nf3 d5 3. e3 e6 4. Nbd2 c5 5. c3 Nc6 6. Bd3 Bd6 7. O-O O-O 8. Re1 e5 9. e4 cxd4 10. cxd4 Bg4 11. dxe5 Nxe5 12. Be2 Qc7 13. h3 Bxf3 14. Bxf3 Nd3 15. Re3 Nf4 16. exd5 N6xd5 17. Bxd5 Nxd5 18. Rd3 Nf4 19. Rf3 Rad8 20. Qf1 Rfe8 21. Re3 Bc5 22. Rxe8+ Rxe8 23. Nb3 Ne2+ 24. Kh1 Bb6 25. Bd2 Nd4 26. Re1 Re6 27. Nxd4 1/2-1/2

[Event "NB2 Szechenyi csoport"]
[Site "Sopron"]
[Date "2024.12.15"]
[Round "4.4"]
[White "Gaal, Ede"]
[Black "Gonczol, Gabor"]
[Result "0-1"]
[WhiteElo "2012"]
[BlackElo "1955"]
[PlyCount "110"]
[GameId "2123723200530899"]
[EventDate "2024.11.03"]
[EventType "team-tourn"]
[EventRounds "11"]
[EventCountry "HUN"]
[Source "chess.hu"]
[WhiteTeam "Soproni MAFC"]
[BlackTeam "SE Kisber-Aszar"]
[WhiteTeamCountry "HUN"]
[BlackTeamCountry "HUN"]

1. e4 e5 2. Nf3 Nc6 3. Bb5 Nf6 4. d3 d6 5. h3 Be7 6. O-O a6 7. Bxc6+ bxc6 8. Re1 O-O 9. d4 exd4 10. Qxd4 d5 11. e5 Ne4 12. Nc3 Bc5 13. Rxe4 Bxd4 14. Rxd4 f6 15. Bf4 Bf5 16. Re1 Re8 17. Re2 Rb8 18. b3 a5 19. g4 Bg6 20. Kh2 Rb4 21. e6 Qc8 22. a3 Rb8 23. Rdd2 Rxe6 24. Nd4 Rxe2 25. Rxe2 Qd7 26. Na4 Re8 27. Nc5 Qc8 28. Rd2 h5 29. f3 hxg4 30. hxg4 Bf7 31. c3 g6 32. Nxc6 Qa8 33. Nd4 c6 34. Nd7 Kg7 35. g5 fxg5 36. Be5+ Rxe5 37. Nxe5 c5 38. Ndc6 a4 39. b4 Qh8+ 40. Kg2 cxb4 41. cxb4 Be6 42. Re2 Qh3+ 43. Kf2 g4 44. fxg4 Qxa3 45. Nd4 Bf7 46. Nec6 Qc1 47. b5 Qf4+ 48. Ke1 a3 49. b6 Qc1+ 50. Kf2 Qb1 51. b7 Qxb7 52. Re7 Qb2+ 53. Kg3 a2 54. Ne6+ Kg8 55. Ra7 a1=Q 0-1

[Event "NB2 Szechenyi csoport"]
[Site "Sopron"]
[Date "2024.12.15"]
[Round "4.5"]
[White "Farkas, Ferenc"]
[Black "Horvath, Tibor"]
[Result "1/2-1/2"]
[WhiteElo "1876"]
[BlackElo "1910"]
[PlyCount "101"]
[GameId "2123723241003501"]
[EventDate "2024.11.03"]
[EventType "team-tourn"]
[EventRounds "11"]
[EventCountry "HUN"]
[Source "chess.hu"]
[WhiteTeam "SE Kisber-Aszar"]
[BlackTeam "Soproni MAFC"]
[WhiteTeamCountry "HUN"]
[BlackTeamCountry "HUN"]

1. d4 Nf6 2. Nf3 d5 3. g3 e6 4. Bg2 Be7 5. O-O Ne4 6. Nfd2 f5 7. Nxe4 dxe4 8. f3 exf3 9. exf3 c5 10. dxc5 Bxc5+ 11. Kh1 Qxd1 12. Rxd1 Bd7 13. Nd2 Nc6 14. c3 Ne5 15. Nb3 Bb6 16. Nd4 O-O-O 17. a4 Bxd4 18. cxd4 Bc6 19. Bg5 Nxf3 20. Bxd8 Rxd8 21. Rd3 Nxd4 22. Bxc6 Nxc6 23. Rxd8+ Kxd8 24. Kg2 Ke7 25. Rd1 e5 26. h3 Ke6 27. Kf3 Nd4+ 28. Ke3 Kd5 29. Rc1 Nc6 30. h4 g6 31. Rc2 h6 32. b4 Kd6 33. b5 Ne7 34. a5 Nd5+ 35. Kf2 Kd7 36. a6 bxa6 37. bxa6 Nb4 38. Rc4 Nxa6 39. Ra4 Nc5 40. Rxa7+ Ke6 41. Kf3 Kf6 42. Rc7 Ne6 43. Ra7 g5 44. Rh7 Kg6 45. Re7 e4+ 46. Ke3 Ng7 47. hxg5 hxg5 48. g4 Kf6 49. Ra7 Ne6 50. gxf5 Kxf5 51. Ra5+ 1/2-1/2

[Event "NB2 Szechenyi csoport"]
[Site "Sopron"]
[Date "2024.12.15"]
[Round "4.6"]
[White "Lamik, Janos"]
[Black "Erdei, Lajos Jr."]
[Result "1-0"]
[WhiteElo "1983"]
[BlackElo "1936"]
[PlyCount "91"]
[GameId "2123723278158333"]
[EventDate "2024.11.03"]
[EventType "team-tourn"]
[EventRounds "11"]
[EventCountry "HUN"]
[Source "chess.hu"]
[WhiteTeam "Soproni MAFC"]
[BlackTeam "SE Kisber-Aszar"]
[WhiteTeamCountry "HUN"]
[BlackTeamCountry "HUN"]

1. d4 Nf6 2. Nf3 g6 3. c4 Bg7 4. Nc3 O-O 5. e4 d6 6. h3 c5 7. Be3 cxd4 8. Nxd4 Nc6 9. Be2 Nd7 10. Qd2 Nc5 11. O-O Ne6 12. Nb3 b6 13. f4 Nc7 14. f5 Bb7 15. Bh6 Ne5 16. Nd4 Ne8 17. Rf2 Nf6 18. fxg6 hxg6 19. Raf1 Qd7 20. Bxg7 Kxg7 21. Qe3 Rh8 22. Nd5 Bxd5 23. cxd5 Rh4 24. Qg5 Rh7 25. Nf5+ Kh8 26. Ng3 Rc8 27. h4 Ng8 28. h5 f6 29. Qe3 g5 30. Nf5 Nh6 31. Qh3 Nxf5 32. Rxf5 Rc2 33. R1f2 Rxb2 34. a4 Kg7 35. Bb5 Qc7 36. Rxb2 Qc1+ 37. Rf1 Qxb2 38. Qe6 Qd4+ 39. Rf2 Qd1+ 40. Bf1 Kh6 41. Qg8 Qd4 42. g4 Qxe4 43. Qf8+ Rg7 44. Be2 Nd3 45. Qh8+ Rh7 46. Rxf6+ 1-0

[Event "NB2 Szechenyi csoport"]
[Site "Sopron"]
[Date "2024.12.15"]
[Round "4.7"]
[White "Redl, Tibor"]
[Black "Gyurika, Tamas"]
[Result "0-1"]
[WhiteElo "1946"]
[BlackElo "1944"]
[PlyCount "69"]
[GameId "2123723319765517"]
[EventDate "2024.11.03"]
[EventType "team-tourn"]
[EventRounds "11"]
[EventCountry "HUN"]
[Source "chess.hu"]
[WhiteTeam "SE Kisber-Aszar"]
[BlackTeam "Soproni MAFC"]
[WhiteTeamCountry "HUN"]
[BlackTeamCountry "HUN"]

1. f4 d5 2. Nf3 Nf6 3. e3 Bf5 4. b3 c5 5. Bb2 e6 6. Bb5+ Nc6 7. Bxc6+ bxc6 8. O-O Bd6 9. d3 Ng4 10. Qe2 f6 11. Nbd2 O-O 12. h3 Nh6 13. e4 Bg6 14. e5 fxe5 15. Nxe5 Be8 16. Rf2 Qh4 17. Raf1 Nf5 18. Ndf3 Qxf4 19. Bc1 Qb4 20. Bd2 Qb7 21. Bf4 c4 22. g4 cxd3 23. cxd3 Ne7 24. Be3 Ng6 25. Nxg6 Bxg6 26. Nd4 Rxf2 27. Rxf2 Bc5 28. Nxe6 Bxe3 29. Qxe3 Qe7 30. Re2 Re8 31. Qf2 Bxd3 32. Re3 Be4 33. Nd4 Qc5 34. Nf5 Rf8 35. Kh2 0-1

[Event "NB2 Szechenyi csoport"]
[Site "Sopron"]
[Date "2024.12.15"]
[Round "4.8"]
[White "Kovacs, Dezso"]
[Black "Malomsoki, Laszlo"]
[Result "1-0"]
[WhiteElo "1865"]
[BlackElo "1820"]
[PlyCount "45"]
[GameId "2123723359554077"]
[EventDate "2024.11.03"]
[EventType "team-tourn"]
[EventRounds "11"]
[EventCountry "HUN"]
[Source "chess.hu"]
[WhiteTeam "Soproni MAFC"]
[BlackTeam "SE Kisber-Aszar"]
[WhiteTeamCountry "HUN"]
[BlackTeamCountry "HUN"]

1. c4 e6 2. Nc3 d5 3. d4 Nf6 4. Nf3 Be7 5. e3 O-O 6. Bd3 b6 7. O-O Bb7 8. b3 Nbd7 9. Bb2 c5 10. Rc1 Rc8 11. Qe2 Bd6 12. Rfd1 Bb8 13. e4 cxd4 14. Nxd4 Nc5 15. exd5 Nxd3 16. Rxd3 exd5 17. cxd5 Qd6 18. g3 Rfe8 19. Qd2 Qd7 20. Nc6 Bd6 21. Nxa7 Ba6 22. Nxc8 Bxd3 23. Nxd6 1-0

[Event "NB2 Szechenyi csoport"]
[Site "Sopron"]
[Date "2024.12.15"]
[Round "4.9"]
[White "Feher, Lajos"]
[Black "Besenyi, Tibor"]
[Result "0-1"]
[WhiteElo "1731"]
[BlackElo "1872"]
[PlyCount "48"]
[GameId "2123723414592045"]
[EventDate "2024.11.03"]
[EventType "team-tourn"]
[EventRounds "11"]
[EventCountry "HUN"]
[Source "chess.hu"]
[WhiteTeam "SE Kisber-Aszar"]
[BlackTeam "Soproni MAFC"]
[WhiteTeamCountry "HUN"]
[BlackTeamCountry "HUN"]

1. e4 e6 2. d4 d5 3. exd5 exd5 4. Bf4 Nf6 5. Nc3 Bd6 6. Qd2 O-O 7. O-O-O c6 8. f3 b5 9. g4 a5 10. h4 a4 11. h5 Bxf4 12. Qxf4 b4 13. Nb1 b3 14. cxb3 axb3 15. a3 Ba6 16. Bd3 Bxd3 17. Rxd3 Re8 18. Nh3 Re2 19. Rxb3 Nbd7 20. Re3 Rxe3 21. Qxe3 c5 22. dxc5 Nxc5 23. Rh2 d4 24. Qe1 Nd3+ 0-1

[Event "NB2 Szechenyi csoport"]
[Site "Sopron"]
[Date "2024.12.15"]
[Round "4.10"]
[White "Egri, Zsolt"]
[Black "Bari, Sandor"]
[Result "1-0"]
[WhiteElo "1849"]
[BlackElo "1709"]
[PlyCount "47"]
[GameId "2123723459951165"]
[EventDate "2024.11.03"]
[EventType "team-tourn"]
[EventRounds "11"]
[EventCountry "HUN"]
[Source "chess.hu"]
[WhiteTeam "Soproni MAFC"]
[BlackTeam "SE Kisber-Aszar"]
[WhiteTeamCountry "HUN"]
[BlackTeamCountry "HUN"]

1. e4 e5 2. Nf3 Nc6 3. Bc4 d6 4. d3 Be7 5. h3 Nf6 6. O-O Bd7 7. Ng5 O-O 8. f4 h6 9. Nf3 Qe8 10. Nc3 Na5 11. Bb3 Nxb3 12. axb3 exf4 13. Bxf4 Bc6 14. Qd2 Nd7 15. Nd4 Ne5 16. Nf5 Bg5 17. Bxg5 hxg5 18. Qxg5 Ng6 19. h4 f6 20. Qg3 Qf7 21. h5 Kh7 22. hxg6+ Qxg6 23. Qh4+ Kg8 24. Ne7+ 1-0